000 00821nam a2200205Ia 4500
001 Z_4844
008 220601s9999 xx 000 0 und d
090 _aTesis M 1712
100 _aMendoza Guzmán, Salvador
_974666
245 _aInfluencia del cinc sobre comportamiento productivo y características de canal en corderos / por Salvador Mendoza Guzmán
260 _aChapingo, Méx. : El autor
300 _a58 h.
502 _aTesis (Maestro en Ciencias Especialista en Producción Animal) -- UACH. Departamento de Zootecnia
650 _a1. Zinc en nutrición animal 2. Carne en canal 3. Ganado lanar - Engorda 4. Zinc5. Ganado lanar - ProducciónÌ
_9181716
901 _aTESIS M 1712
902 _aM
905 _a0000002003 0000000000 00
942 _c2
999 _c216943
_d216943